Lampas, sive fax artium liberalium, hoc est, Thesaurus criticus. In quo infinitis locis theologorum, jurisconsultorum, medicorum, philosophorum, oratorum, historicorum, poetarum, grammaticorum, scripta supplentur, corriguntur, illustrantur, notantur, tomus primus [-] ex otiosa Bibliothecarum custodia erutus, & foras prodire iussus, a Iano Grutero. Cum indice et locorum et memorabilium

Detalles Bibliográficos
Autor principal: Gruterus, Janus, 1560-1627
Formato: Libro
Lenguaje:Latin
Publicado: prodit Francofurti : e Collegio Paltheniano, sumtibus Ionae Rhodii bibliopolae, 1602-1607.
Materias:
Colección:Banco de datos
Acervo:Universidad Autónoma Benito Juárez de Oaxaca. Biblioteca Francisco de Burgoa. Colección antigua
Descripción Física:6 t. ; 8°
Tema general:Ciencias
Notas:Portada tipográfica a dos tintas con viñeta en grabado xilográfico. Texto a renglón seguido con paginación en números arábigos, apostillas marginales, reclamos y signaturas. Incluye cabecera de título con motivos florales y fantásticos en grabado xilográfico. Incluye capitulares con motivos florales en grabado xilográfico. Tomo con portada y numeración propias. Año del t. 1 publicado en 1602. Paginación: t. 1 [30] h., 1464 p., [23] h. Encuadernación en pergamino. Marca de fuego: Casa del Noviciado de la Compañía de Jesús de Oaxaca, Oax. Marca de fuego: Convento de Santo Domingo. Ex libris manuscrito en la portada: "de la compa. de Jhs de guaxaca"
LEADER 01825nam a22001930004500
035 |a 5896 
041 0 |a lat 
100 1 |a Gruterus, Janus, 1560-1627 
245 1 0 |a Lampas, sive fax artium liberalium, hoc est, Thesaurus criticus. In quo infinitis locis theologorum, jurisconsultorum, medicorum, philosophorum, oratorum, historicorum, poetarum, grammaticorum, scripta supplentur, corriguntur, illustrantur, notantur, tomus primus [-] ex otiosa Bibliothecarum custodia erutus, & foras prodire iussus, a Iano Grutero. Cum indice et locorum et memorabilium 
260 |a prodit Francofurti : e Collegio Paltheniano, sumtibus Ionae Rhodii bibliopolae, 1602-1607. 
300 |a 6 t. ; 8° 
500 |a Portada tipográfica a dos tintas con viñeta en grabado xilográfico. Texto a renglón seguido con paginación en números arábigos, apostillas marginales, reclamos y signaturas. Incluye cabecera de título con motivos florales y fantásticos en grabado xilográfico. Incluye capitulares con motivos florales en grabado xilográfico. Tomo con portada y numeración propias. Año del t. 1 publicado en 1602. Paginación: t. 1 [30] h., 1464 p., [23] h. Encuadernación en pergamino. Marca de fuego: Casa del Noviciado de la Compañía de Jesús de Oaxaca, Oax. Marca de fuego: Convento de Santo Domingo. Ex libris manuscrito en la portada: "de la compa. de Jhs de guaxaca" 
504 |a Al principio del t. 1 está el índice de los lugares de las Escrituras  
504 |a Al final del t. 1 está el índice de las cosas notables 
650 1 0 |a Ciencias 
852 |a Universidad Autónoma "Benito Juárez" de Oaxaca, Biblioteca Francisco de Burgoa, Colección antigua t. 1 (17729) 
942 |c BURANT 
943 |g Universidad Autónoma Benito Juárez de Oaxaca. Biblioteca Francisco de Burgoa. Colección antigua 
999 |c 1116907  |d 1116907